00646nam a2200157Ia 4500008004100000100003000041245014700071245003000218260005300248260000900301300001000310650001500320856006100335999001900396952007300415170221s9999 xx 000 0 und d aNazar Omer Abdallah Ahmed aImpact of Human Resource Management Practices on Organizational citizenship Behavior: an Empirical investigation from Banking Sector of Sudan  cNazar Omer Abdallah Ahmed bInternational Review of Management and Marketing c2012 a7 : 2 xMarketing. uhttp://www.econjournals.com/index.php/irmm/issue/view/88 c313983d313983 001040aCLbCLd2017-02-21l0r2017-02-21 00:00:00w2017-02-21yFOJ